Crossroads : a popular history of Malaysia & Singapore

Bibliographic Details
Main Author: Baker, Jim (Author)
Format: Book
Published: Singapore ; Kuala Lumpur : Times Books International , c1999
Subjects:

MARC

LEADER 00000cam a2200000 7i4500
001 0000036282
005 20021119093000.0
008 021119n
020 |a 981232075X 
090 0 0 |a DS596   |b .B2 1999 
100 0 |a Baker, Jim ,   |e author 
245 0 0 |a Crossroads :   |b a popular history of Malaysia & Singapore   |c Jim Baker 
260 2 |a Singapore ;   |a Kuala Lumpur :   |b Times Books International ,   |c c1999 
300 |a 422 p. :   |b ill., maps ; ;   |c 23 cm. 
504 |a Includes bibliography (p. 403-410) and index 
651 0 |a Malaysia   |x History 
651 0 |a Singapore   |x History 
999 |a 1000079900   |b Book   |c OPEN SHELF (30 DAYS)   |e Gong Badak Campus